000 00670nam a22002057a 4500
008 160314b xxu||||| |||| 00| 0 eng d
020 _a978-0-495-80874-9
082 _22011
_aDC 362.292
_bL59
100 _93814
_aLewis, Judith A.
245 _aSubstance abuse counseling/
_cJudith A. Lewis, Robert Q. Dana and Gregory A. Blevins.
250 _aFourth edition
260 _aUnited Kingdom:
_bBrooks/Cole Cengage Learning,
_cc2011.
300 _axi, 290 pages;
_c23 cm.
500 _aIncludes index.
650 0 _93817
_aAbuse, Counseling.
650 0 _93818
_aCounseling.
700 _93815
_aDana, Robert Q.
700 _93816
_aBlevins, Gregory A.
942 _2ddc
_cDC
999 _c1300
_d1300